Podlahy a dlažby

Bibliographic Details
Main Author: Greško, Dušan, 1941- (Author)
Format: Article
Language:Slovak
PhysicalDescription:Fotogr.
ISSN:1335-1249
Subjects:

MARC

LEADER 00000nab a2200000 a 4500
001 vtls008296930
003 SK-MaSNL
005 20260304143932.0
008 250505c2005 xo zr|p|||||||000 b|slo
015 |a SNBRB2005/09  |2 snkbucl 
035 |a (uuid)2de19513-fe1d-4dac-8017-cf661b824475 
035 |a urn:nbn:sk:snk-abaese 
035 |a (urnnbn)urn:nbn:sk:snk:ar-008dqj 
038 |a SNKBUCL 
040 |a SNKBUCL  |b slo  |c SNKBUCL  |e AACR2 
041 0 |a slo 
044 |a xo  |c SK 
080 |a 692.51/.53:692.533.4/.5  |2 1997 
080 |a 692.533.4/.5  |2 1997 
100 1 |a Greško, Dušan,  |d 1941-  |4 aut  |9 213814 
245 1 0 |a Podlahy a dlažby  |c Dušan Greško 
300 |b Fotogr. 
504 |a Bibliogr. odkazy 
650 0 7 |a podlahy  |2 snkbucl  |9 25280 
650 0 7 |a dlažby  |2 snkbucl  |9 59162 
773 0 |t Eurostav  |g Roč. 11, č. 3 (2005)  |g Roč. 11, č. máj (2005), s. 6-9  |x 1335-1249 
773 0 |t Príloha Podlahy a dlažby  |g Roč. 11, č. 3 (2005)  |g Roč. 11, č. máj (2005), s. 6-9  |x 1335-1249 
850 |a Slovenská národná knižnica 
852 |a Slovenská národná knižnica 
954 |a odborná, vedecká literatúra pôvodná (slovenská)  |2 lita 
958 |a article14 
958 |a OND 
958 |a NB 
958 |a EUIPO 
999 |c 2928413  |d 2930343